Alle Städte und Gemeinden im Landkreis Spree-Neiße - Statistiken

Allgemein
  • Dieses Quiz wurde 47 mal gespielt
  • Das Durchschnittsergebnis liegt bei 14 aus 29
Antworten auf der Karte
Die Antworten werden auf der Karte rot bzw. grün angezeigt, abhängig davon wie oft sie richtig erraten wurden.
 
Antwortstatistiken
Antwort % Korrekt
Forst (Lausitz)
92%
Peitz
92%
Spremberg
92%
Guben
83%
Burg (Spreewald)
75%
Döbern
75%
Jänschwalde
67%
Kolkwitz
58%
Neuhausen/Spree
58%
Schenkendöbern
50%
Teichland
50%
Briesen
42%
Drebkau
42%
Felixsee
42%
Welzow
42%
Dissen-Striesow
33%
Groß Schacksdorf-Simmersdorf
33%
Heinersbrück
33%
Jämlitz-Klein Düben
33%
Tauer
33%
Tschernitz
33%
Turnow-Preilack
33%
Werben
33%
Drachhausen
25%
Drehnow
25%
Neiße-Malxetal
25%
Wiesengrund
25%
Guhrow
17%
Schmogrow-Fehrow
17%
Keine übereinstimmenden Quizze gefunden
Verteilung der Resultate
Anzahl Personen mit jedem Resultat
Perzentil nach korrekt beantworteten Fragen
Ihre Resultats-Entwicklung
Sie haben dieses Quiz noch nicht gespielt